| 000 | 00435nam a2200157 i 4500 | ||
|---|---|---|---|
| 001 | 50812 | ||
| 003 | ES-MaACL | ||
| 005 | 20230906162237.0 | ||
| 007 | t| | ||
| 008 | 030806s1966 gw ||||1| ger d | ||
| 100 | 1 |
_aChaminade, G. Joseph. _937877 |
|
| 245 | 1 | 0 |
_aEcrits marials / _cG. J. Chaminade. |
| 260 |
_a[S.l. : _bs.n., _c1966] ( _eMadrid : _fGraf. EspaƱa) |
||
| 300 |
_a2 v. ; _c23 cm. |
||
| 852 |
_aES-MaACL _jC-31563-4 _bR.61944 |
||
| 999 |
_c50812 _d50812 |
||